[Event "Deutsche Ländermeisterschaft 2022"]
[Site "Wiesbaden GER"]
[Date "2022.10.04"]
[Round "7"]
[White "Glowiak, Alexandra"]
[Black "Skembris, Simon Max"]
[Result "0-1"]
[Termination "normal"]
[Board "5.6"]
[WhiteElo "1602"]
[BlackElo "1540"]
[WhiteClock "00:11:10"]
[BlackClock "00:23:56"]
[WhiteTeam "Sachsen"]
[BlackTeam "Baden 1"]
[PlyCount "114"]
[WhiteFideId "16259530"]
[BlackFideId "16281381"]
[EventCountry "GER"]
[EventRounds "7"]
[EventType "team-swiss"]
[EventDate "2022.09.30"]

1. e4 {[%clk 1:30:56]} e5 {[%clk 1:30:52]} 2. Nf3 {[%clk 1:31:22]} Nf6 {[%clk
1:31:17]} 3. Nxe5 {[%clk 1:31:46]} d6 {[%clk 1:31:42]} 4. Nf3 {[%clk 1:32:10]}
Nxe4 {[%clk 1:32:06]} 5. c4 {[%clk 1:32:19]} Be7 {[%clk 1:30:27]} 6. d3 {[%clk
1:25:26]} Nf6 {[%clk 1:30:02]} 7. Nc3 {[%clk 1:23:55]} O-O {[%clk 1:28:50]} 8.
Be2 {[%clk 1:23:48]} Nc6 {[%clk 1:26:04]} 9. O-O {[%clk 1:21:38]} d5 {[%clk
1:23:27]} 10. d4 {[%clk 1:18:23]} Bg4 {[%clk 1:20:28]} 11. Ne5 {[%clk 1:04:06]}
Bxe2 {[%clk 1:18:49]} 12. Nxe2 {[%clk 1:03:30]} Qe8 {[%clk 1:11:08]} 13. Qb3
{[%clk 0:55:13]} Na5 {[%clk 1:00:58]} 14. Qc3 {[%clk 0:48:42]} Nxc4 {[%clk
1:00:36]} 15. Nxc4 {[%clk 0:48:57]} dxc4 {[%clk 1:00:58]} 16. Qxc4 {[%clk
0:49:19]} c6 {[%clk 1:00:53]} 17. Bf4 {[%clk 0:47:14]} Qd7 {[%clk 0:58:42]} 18.
Rad1 {[%clk 0:45:31]} Nd5 {[%clk 0:54:27]} 19. Bg3 {[%clk 0:45:12]} Rfe8 {[%clk
0:51:45]} 20. Nc3 {[%clk 0:44:42]} Rad8 {[%clk 0:50:45]} 21. Rfe1 {[%clk
0:44:20]} Nb6 {[%clk 0:45:01]} 22. Qf1 {[%clk 0:35:30]} Bf8 {[%clk 0:41:10]}
23. f3 {[%clk 0:32:42]} g6 {[%clk 0:37:36]} 24. Rxe8 {[%clk 0:19:03]} Rxe8
{[%clk 0:35:29]} 25. Ne4 {[%clk 0:17:43]} Bg7 {[%clk 0:33:08]} 26. Be5 {[%clk
0:17:12]} Nd5 {[%clk 0:31:51]} 27. Bxg7 {[%clk 0:13:23]} Kxg7 {[%clk 0:32:02]}
28. Qf2 {[%clk 0:11:53]} Qe7 {[%clk 0:30:46]} 29. Nc5 {[%clk 0:05:50]} Qc7
{[%clk 0:25:54]} 30. Re1 {[%clk 0:05:25]} Re7 {[%clk 0:24:53]} 31. Re4 {[%clk
0:05:00]} b6 {[%clk 0:20:28]} 32. Nd3 {[%clk 0:04:49]} Nf6 {[%clk 0:18:15]} 33.
Rxe7 {[%clk 0:04:28]} Qxe7 {[%clk 0:18:38]} 34. Kf1 {[%clk 0:04:12]} Qd6 {[%clk
0:18:35]} 35. h3 {[%clk 0:02:48]} c5 {[%clk 0:18:28]} 36. Ne1 {[%clk 0:02:24]}
cxd4 {[%clk 0:18:07]} 37. Qd2 {[%clk 0:02:32]} Nd7 {[%clk 0:16:30]} 38. Nc2
{[%clk 0:02:21]} d3 {[%clk 0:15:45]} 39. Ne1 {[%clk 0:02:12]} Ne5 {[%clk
0:13:09]} 40. f4 {[%clk 0:01:53]} Qf6 {[%clk 0:10:47]} 41. b3 {[%clk 0:17:04]}
g5 {[%clk 0:35:16]} 42. g3 {[%clk 0:15:59]} Qf5 {[%clk 0:33:34]} 43. Kg2 {[%clk
0:15:00]} Qe4+ {[%clk 0:32:41]} 44. Kf2 {[%clk 0:14:37]} gxf4 {[%clk 0:31:19]}
45. gxf4 {[%clk 0:14:50]} Qd4+ {[%clk 0:29:17]} 46. Kg2 {[%clk 0:14:27]} Ng6
{[%clk 0:29:10]} 47. Kf3 {[%clk 0:11:31]} Qxf4+ {[%clk 0:26:27]} 48. Qxf4
{[%clk 0:11:42]} Nxf4 {[%clk 0:26:48]} 49. Ke3 {[%clk 0:11:44]} Nxh3 {[%clk
0:27:07]} 50. Nxd3 {[%clk 0:12:06]} f5 {[%clk 0:27:07]} 51. a4 {[%clk 0:11:51]}
Kf6 {[%clk 0:27:12]} 52. b4 {[%clk 0:12:03]} f4+ {[%clk 0:26:35]} 53. Ke4
{[%clk 0:11:15]} Kg5 {[%clk 0:25:33]} 54. a5 {[%clk 0:11:13]} Kg4 {[%clk
0:25:11]} 55. a6 {[%clk 0:11:29]} Kg3 {[%clk 0:23:59]} 56. Ne5 {[%clk 0:11:03]}
Ng5+ {[%clk 0:23:56]} 57. Kd3 {[%clk 0:11:10]} f3 {[%clk 0:23:56]} 0-1

[Event "Deutsche Ländermeisterschaft 2022"]
[Site "Wiesbaden GER"]
[Date "2022.10.04"]
[Round "7"]
[White "Halas, Neele Zoe"]
[Black "Rafikova, Ailin"]
[Result "1/2-1/2"]
[Termination "normal"]
[Board "5.8"]
[WhiteElo "1392"]
[BlackElo "1287"]
[WhiteClock "00:03:01"]
[BlackClock "00:09:42"]
[WhiteTeam "Sachsen"]
[BlackTeam "Baden 1"]
[PlyCount "73"]
[WhiteFideId "16287282"]
[BlackFideId "34612173"]
[EventCountry "GER"]
[EventRounds "7"]
[EventType "team-swiss"]
[EventDate "2022.09.30"]

1. e4 {[%clk 1:30:57]} c5 {[%clk 1:30:53]} 2. g3 {[%clk 1:31:23]} d6 {[%clk
1:30:24]} 3. Nc3 {[%clk 1:31:45]} Nc6 {[%clk 1:30:01]} 4. Bg2 {[%clk 1:32:06]}
e6 {[%clk 1:29:30]} 5. d3 {[%clk 1:32:11]} Bd7 {[%clk 1:28:15]} 6. f4 {[%clk
1:32:31]} Nge7 {[%clk 1:24:13]} 7. Nf3 {[%clk 1:28:42]} g6 {[%clk 1:22:11]} 8.
Bd2 {[%clk 1:27:51]} Bg7 {[%clk 1:21:31]} 9. O-O {[%clk 1:24:21]} a6 {[%clk
1:19:16]} 10. Qc1 {[%clk 1:21:09]} O-O {[%clk 1:16:03]} 11. a4 {[%clk 1:10:10]}
Rb8 {[%clk 1:12:36]} 12. Ne2 {[%clk 0:57:53]} b5 {[%clk 1:07:07]} 13. axb5
{[%clk 0:57:26]} axb5 {[%clk 1:05:24]} 14. Bc3 {[%clk 0:56:42]} f6 {[%clk
0:58:19]} 15. b3 {[%clk 0:52:14]} b4 {[%clk 0:57:03]} 16. Bb2 {[%clk 0:52:36]}
Ra8 {[%clk 0:53:12]} 17. Nd2 {[%clk 0:51:30]} d5 {[%clk 0:49:21]} 18. Rxa8
{[%clk 0:42:02]} Qxa8 {[%clk 0:48:39]} 19. Qa1 {[%clk 0:42:13]} Qb7 {[%clk
0:43:59]} 20. d4 {[%clk 0:32:12]} Ra8 {[%clk 0:41:09]} 21. Qb1 {[%clk 0:30:47]}
Qb5 {[%clk 0:34:45]} 22. c4 {[%clk 0:22:21]} bxc3 {[%clk 0:28:58]} 23. Nxc3
{[%clk 0:22:34]} Qb4 {[%clk 0:23:56]} 24. dxc5 {[%clk 0:19:17]} Qxc5+ {[%clk
0:22:48]} 25. Kh1 {[%clk 0:19:35]} f5 {[%clk 0:19:24]} 26. e5 {[%clk 0:18:19]}
Rb8 {[%clk 0:18:41]} 27. Na4 {[%clk 0:15:42]} Qe3 {[%clk 0:17:31]} 28. Qe1
{[%clk 0:14:56]} Qa7 {[%clk 0:15:07]} 29. Qf2 {[%clk 0:11:25]} Qxf2 {[%clk
0:13:33]} 30. Rxf2 {[%clk 0:11:50]} Nb4 {[%clk 0:13:17]} 31. Nc5 {[%clk
0:09:00]} Bc6 {[%clk 0:11:59]} 32. Ba3 {[%clk 0:06:13]} Kf7 {[%clk 0:11:23]}
33. Nb1 {[%clk 0:05:03]} Bf8 {[%clk 0:10:12]} 34. Rb2 {[%clk 0:03:25]} Nc8
{[%clk 0:09:38]} 35. Bxb4 {[%clk 0:03:30]} Rxb4 {[%clk 0:09:58]} 36. Nd3 {[%clk
0:03:01]} Rb6 {[%clk 0:09:42]} 37. Nd2 1/2-1/2

[Event "Deutsche Ländermeisterschaft 2022"]
[Site "Wiesbaden GER"]
[Date "2022.10.04"]
[Round "7"]
[White "Großmann, Piet"]
[Black "Waffenschmidt, Lars"]
[Result "1/2-1/2"]
[Termination "normal"]
[Board "6.1"]
[BlackTitle "FM"]
[WhiteElo "1945"]
[BlackElo "2302"]
[WhiteClock "00:10:10"]
[BlackClock "00:05:37"]
[WhiteTeam "Mecklenburg-Vorpommern"]
[BlackTeam "Württemberg"]
[PlyCount "54"]
[WhiteFideId "16234359"]
[BlackFideId "16244656"]
[EventCountry "GER"]
[EventRounds "7"]
[EventType "team-swiss"]
[EventDate "2022.09.30"]

1. e4 {[%clk 1:30:57]} e5 {[%clk 1:30:54]} 2. Nf3 {[%clk 1:31:24]} Nc6 {[%clk
1:31:18]} 3. Nc3 {[%clk 1:31:44]} Nf6 {[%clk 1:31:13]} 4. d4 {[%clk 1:32:09]}
Bb4 {[%clk 1:25:42]} 5. Nxe5 {[%clk 1:18:57]} Bxc3+ {[%clk 1:24:28]} 6. bxc3
{[%clk 1:19:17]} Qe7 {[%clk 1:23:05]} 7. Nxc6 {[%clk 1:13:42]} Qxe4+ {[%clk
1:22:42]} 8. Qe2 {[%clk 1:14:02]} dxc6 {[%clk 1:15:09]} 9. f3 {[%clk 1:10:23]}
Qxe2+ {[%clk 1:14:02]} 10. Bxe2 {[%clk 1:09:22]} Bf5 {[%clk 1:13:03]} 11. Bd3
{[%clk 1:06:03]} Bxd3 {[%clk 1:12:59]} 12. cxd3 {[%clk 1:06:29]} O-O-O {[%clk
1:13:15]} 13. Kd2 {[%clk 1:00:32]} Nd5 {[%clk 1:09:29]} 14. Ba3 {[%clk
0:54:05]} h5 {[%clk 1:04:12]} 15. Rae1 {[%clk 0:43:40]} Rde8 {[%clk 0:51:11]}
16. g3 {[%clk 0:42:52]} h4 {[%clk 0:48:17]} 17. Rxe8+ {[%clk 0:42:51]} Rxe8
{[%clk 0:48:36]} 18. c4 {[%clk 0:42:51]} Nf6 {[%clk 0:44:04]} 19. Re1 {[%clk
0:42:35]} Rxe1 {[%clk 0:38:59]} 20. Kxe1 {[%clk 0:42:59]} hxg3 {[%clk 0:37:43]}
21. hxg3 {[%clk 0:43:23]} Kd7 {[%clk 0:37:58]} 22. Kf2 {[%clk 0:42:52]} Ke6
{[%clk 0:38:06]} 23. Bc1 {[%clk 0:39:20]} Ne8 {[%clk 0:32:07]} 24. g4 {[%clk
0:33:50]} Nd6 {[%clk 0:30:31]} 25. Bf4 {[%clk 0:24:33]} b5 {[%clk 0:27:43]} 26.
Ke3 {[%clk 0:22:05]} a5 {[%clk 0:23:05]} 27. Bg3 {[%clk 0:10:10]} bxc4 {[%clk
0:05:37]} 1/2-1/2

[Event "Deutsche Ländermeisterschaft 2022"]
[Site "Wiesbaden GER"]
[Date "2022.10.04"]
[Round "7"]
[White "Geltz, Noah"]
[Black "Lange, Jannis"]
[Result "1-0"]
[Termination "normal"]
[Board "6.2"]
[WhiteElo "2142"]
[BlackElo "2085"]
[WhiteClock "00:11:04"]
[BlackClock "00:01:02"]
[WhiteTeam "Württemberg"]
[BlackTeam "Mecklenburg-Vorpommern"]
[PlyCount "85"]
[WhiteFideId "16224256"]
[BlackFideId "12993107"]
[EventCountry "GER"]
[EventRounds "7"]
[EventType "team-swiss"]
[EventDate "2022.09.30"]

1. e4 {[%clk 1:30:56]} c5 {[%clk 1:30:56]} 2. Nf3 {[%clk 1:31:17]} Nc6 {[%clk
1:31:18]} 3. Bc4 {[%clk 1:31:34]} g6 {[%clk 1:29:10]} 4. O-O {[%clk 1:29:53]}
Bg7 {[%clk 1:29:30]} 5. c3 {[%clk 1:28:26]} d6 {[%clk 1:22:53]} 6. d4 {[%clk
1:24:46]} cxd4 {[%clk 1:22:48]} 7. cxd4 {[%clk 1:24:16]} Nf6 {[%clk 1:11:51]}
8. d5 {[%clk 1:20:38]} Nb8 {[%clk 1:11:07]} 9. Nc3 {[%clk 1:18:46]} O-O {[%clk
1:11:11]} 10. h3 {[%clk 1:15:27]} Nbd7 {[%clk 1:08:42]} 11. Be3 {[%clk
1:04:40]} Nb6 {[%clk 1:05:44]} 12. Be2 {[%clk 0:58:03]} Bd7 {[%clk 0:56:00]}
13. a4 {[%clk 0:55:54]} Rc8 {[%clk 0:49:08]} 14. Qb3 {[%clk 0:54:40]} Rxc3
{[%clk 0:35:34]} 15. bxc3 {[%clk 0:54:31]} Nxe4 {[%clk 0:35:56]} 16. Rfc1
{[%clk 0:35:38]} e6 {[%clk 0:31:54]} 17. Bd3 {[%clk 0:33:30]} exd5 {[%clk
0:30:38]} 18. a5 {[%clk 0:32:46]} Nc4 {[%clk 0:30:10]} 19. Bxc4 {[%clk
0:32:32]} dxc4 {[%clk 0:30:25]} 20. Qxc4 {[%clk 0:31:55]} d5 {[%clk 0:22:35]}
21. Qxd5 {[%clk 0:31:18]} Bc6 {[%clk 0:13:43]} 22. Qxd8 {[%clk 0:30:54]} Rxd8
{[%clk 0:14:10]} 23. Bd4 {[%clk 0:30:15]} Bh6 {[%clk 0:10:44]} 24. Re1 {[%clk
0:27:54]} Nd2 {[%clk 0:10:36]} 25. Nxd2 {[%clk 0:24:26]} Bxd2 {[%clk 0:11:02]}
26. Red1 {[%clk 0:24:23]} Bf4 {[%clk 0:10:05]} 27. Bxa7 {[%clk 0:23:45]} Re8
{[%clk 0:08:58]} 28. Bd4 {[%clk 0:22:21]} h5 {[%clk 0:08:22]} 29. Re1 {[%clk
0:19:06]} Ra8 {[%clk 0:08:07]} 30. Bf6 {[%clk 0:16:48]} Bc7 {[%clk 0:07:29]}
31. Bd4 {[%clk 0:16:28]} Kf8 {[%clk 0:05:27]} 32. Bc5+ {[%clk 0:16:04]} Kg7
{[%clk 0:05:42]} 33. Bb6 {[%clk 0:15:18]} Bd6 {[%clk 0:04:55]} 34. Rad1 {[%clk
0:15:30]} Bf4 {[%clk 0:04:31]} 35. Rd8 {[%clk 0:13:51]} Rxd8 {[%clk 0:03:54]}
36. Bxd8 {[%clk 0:14:16]} Bd2 {[%clk 0:04:11]} 37. Rb1 {[%clk 0:14:37]} Be4
{[%clk 0:03:28]} 38. Rb3 {[%clk 0:14:12]} Bd5 {[%clk 0:01:37]} 39. Rb5 {[%clk
0:12:06]} Be4 {[%clk 0:01:41]} 40. Rb4 {[%clk 0:11:01]} Bc6 {[%clk 0:01:56]}
41. Rb6 {[%clk 0:11:21]} Be4 {[%clk 0:02:20]} 42. Bf6+ {[%clk 0:11:35]} Kh6
{[%clk 0:01:02]} 43. h4 {[%clk 0:11:04]} 1-0

[Event "Deutsche Ländermeisterschaft 2022"]
[Site "Wiesbaden GER"]
[Date "2022.10.04"]
[Round "7"]
[White "Tovmasyan, Minas"]
[Black "Jaskulski, Jan"]
[Result "0-1"]
[Termination "normal"]
[Board "6.3"]
[WhiteElo "1838"]
[BlackElo "1849"]
[WhiteClock "00:20:58"]
[BlackClock "00:12:41"]
[WhiteTeam "Mecklenburg-Vorpommern"]
[BlackTeam "Württemberg"]
[PlyCount "60"]
[WhiteFideId "16247620"]
[BlackFideId "21877807"]
[EventCountry "GER"]
[EventRounds "7"]
[EventType "team-swiss"]
[EventDate "2022.09.30"]

1. d4 {[%clk 1:30:57]} Nf6 {[%clk 1:30:44]} 2. Nf3 {[%clk 1:30:27]} g6 {[%clk
1:31:07]} 3. c4 {[%clk 1:28:47]} Bg7 {[%clk 1:31:29]} 4. Nc3 {[%clk 1:28:59]}
O-O {[%clk 1:31:52]} 5. g3 {[%clk 1:29:11]} d6 {[%clk 1:29:38]} 6. Bg2 {[%clk
1:29:33]} Nbd7 {[%clk 1:27:52]} 7. O-O {[%clk 1:28:49]} e5 {[%clk 1:28:07]} 8.
d5 {[%clk 1:23:19]} a5 {[%clk 1:22:10]} 9. Nd2 {[%clk 1:19:18]} Nc5 {[%clk
1:20:13]} 10. Nb3 {[%clk 1:14:24]} Nxb3 {[%clk 1:02:26]} 11. axb3 {[%clk
1:12:02]} Bd7 {[%clk 1:02:43]} 12. Bg5 {[%clk 1:03:47]} h6 {[%clk 1:00:40]} 13.
Bd2 {[%clk 1:03:50]} Ne8 {[%clk 0:50:56]} 14. e4 {[%clk 1:02:28]} f5 {[%clk
0:50:39]} 15. f3 {[%clk 0:54:23]} f4 {[%clk 0:47:54]} 16. g4 {[%clk 0:53:36]}
h5 {[%clk 0:48:07]} 17. h3 {[%clk 0:50:42]} hxg4 {[%clk 0:41:31]} 18. fxg4
{[%clk 0:48:32]} Bf6 {[%clk 0:41:15]} 19. Ne2 {[%clk 0:45:54]} b6 {[%clk
0:40:34]} 20. Nc1 {[%clk 0:45:19]} Kg7 {[%clk 0:35:03]} 21. Nd3 {[%clk
0:41:19]} Bh4 {[%clk 0:29:53]} 22. Be1 {[%clk 0:39:39]} Rh8 {[%clk 0:28:01]}
23. Bxh4 {[%clk 0:34:38]} Qxh4 {[%clk 0:28:24]} 24. Qf3 {[%clk 0:30:50]} Nf6
{[%clk 0:27:20]} 25. Nf2 {[%clk 0:26:28]} Nh7 {[%clk 0:26:17]} 26. Rfc1 {[%clk
0:23:31]} Ng5 {[%clk 0:26:33]} 27. Qd3 {[%clk 0:22:17]} f3 {[%clk 0:25:03]} 28.
Bh1 {[%clk 0:20:16]} Qg3+ {[%clk 0:25:22]} 29. Kf1 {[%clk 0:20:39]} Nxh3 {[%clk
0:12:41]} 30. Nxh3 {[%clk 0:20:58]} Rxh3 0-1

[Event "Deutsche Ländermeisterschaft 2022"]
[Site "Wiesbaden GER"]
[Date "2022.10.04"]
[Round "7"]
[White "Kocharin, Timur"]
[Black "Herrmann, Jakob"]
[Result "1-0"]
[Termination "normal"]
[Board "6.4"]
[WhiteElo "1971"]
[BlackElo "1888"]
[WhiteClock "00:31:07"]
[BlackClock "00:09:34"]
[WhiteTeam "Württemberg"]
[BlackTeam "Mecklenburg-Vorpommern"]
[PlyCount "151"]
[WhiteFideId "16240936"]
[BlackFideId "16287169"]
[EventCountry "GER"]
[EventRounds "7"]
[EventType "team-swiss"]
[EventDate "2022.09.30"]

1. e4 {[%clk 1:30:31]} c5 {[%clk 1:30:45]} 2. Nf3 {[%clk 1:30:43]} d6 {[%clk
1:31:04]} 3. d4 {[%clk 1:30:51]} cxd4 {[%clk 1:31:25]} 4. Nxd4 {[%clk 1:31:14]}
Nf6 {[%clk 1:31:45]} 5. Nc3 {[%clk 1:31:37]} g6 {[%clk 1:31:54]} 6. Be3 {[%clk
1:31:24]} Bg7 {[%clk 1:32:08]} 7. f3 {[%clk 1:31:34]} O-O {[%clk 1:32:26]} 8.
Qd2 {[%clk 1:31:28]} Nc6 {[%clk 1:32:46]} 9. O-O-O {[%clk 1:31:26]} d5 {[%clk
1:30:54]} 10. exd5 {[%clk 1:31:09]} Nxd5 {[%clk 1:31:12]} 11. Nxc6 {[%clk
1:31:21]} bxc6 {[%clk 1:31:26]} 12. Bd4 {[%clk 1:30:58]} e5 {[%clk 1:31:06]}
13. Bc5 {[%clk 1:30:56]} Be6 {[%clk 1:31:06]} 14. h4 {[%clk 1:20:46]} Rb8
{[%clk 1:21:02]} 15. Ne4 {[%clk 1:15:36]} Re8 {[%clk 1:15:22]} 16. c4 {[%clk
1:10:14]} Nf6 {[%clk 0:58:36]} 17. Qxd8 {[%clk 0:59:08]} Rexd8 {[%clk 0:58:57]}
18. Rxd8+ {[%clk 0:51:33]} Rxd8 {[%clk 0:59:22]} 19. Be7 {[%clk 0:47:57]} Nxe4
{[%clk 0:56:00]} 20. Bxd8 {[%clk 0:48:08]} Ng3 {[%clk 0:55:59]} 21. Rg1 {[%clk
0:48:32]} e4 {[%clk 0:55:27]} 22. Bc7 {[%clk 0:48:29]} Nxf1 {[%clk 0:51:47]}
23. Rxf1 {[%clk 0:47:03]} exf3 {[%clk 0:52:05]} 24. Rxf3 {[%clk 0:45:49]} Bxc4
{[%clk 0:52:22]} 25. b3 {[%clk 0:43:41]} Bd5 {[%clk 0:52:35]} 26. Rf2 {[%clk
0:42:43]} f5 {[%clk 0:50:31]} 27. Kd2 {[%clk 0:38:39]} Bd4 {[%clk 0:47:07]} 28.
Re2 {[%clk 0:37:54]} Be4 {[%clk 0:47:27]} 29. Bf4 {[%clk 0:31:57]} a6 {[%clk
0:45:53]} 30. g3 {[%clk 0:30:22]} Kf7 {[%clk 0:45:12]} 31. Re1 {[%clk 0:29:42]}
Ke6 {[%clk 0:44:35]} 32. Rc1 {[%clk 0:29:59]} Kd5 {[%clk 0:44:53]} 33. Rc4
{[%clk 0:30:20]} Bb1 {[%clk 0:45:15]} 34. Ra4 {[%clk 0:30:39]} Kc5 {[%clk
0:41:30]} 35. Rxa6 {[%clk 0:29:51]} Kb5 {[%clk 0:41:47]} 36. Ra8 {[%clk
0:29:32]} c5 {[%clk 0:37:32]} 37. Ra7 {[%clk 0:27:12]} h5 {[%clk 0:37:51]} 38.
a4+ {[%clk 0:27:16]} Kb6 {[%clk 0:28:20]} 39. Re7 {[%clk 0:26:58]} Ka5 {[%clk
0:27:20]} 40. Rb7 {[%clk 0:27:00]} Be4 {[%clk 0:26:00]} 41. Rb5+ {[%clk
0:26:32]} Ka6 {[%clk 0:26:23]} 42. Rb8 {[%clk 0:25:16]} Bd5 {[%clk 0:24:52]}
43. b4 {[%clk 0:23:06]} cxb4 {[%clk 0:24:41]} 44. Rxb4 {[%clk 0:23:30]} Bb6
{[%clk 0:24:54]} 45. Kd3 {[%clk 0:23:14]} Bf7 {[%clk 0:24:03]} 46. Rb1 {[%clk
0:22:22]} Be8 {[%clk 0:11:59]} 47. Re1 {[%clk 0:21:49]} Bxa4 {[%clk 0:11:43]}
48. Re6 {[%clk 0:22:15]} Kb7 {[%clk 0:11:51]} 49. Rxg6 {[%clk 0:22:33]} Bd1
{[%clk 0:12:05]} 50. Kc4 {[%clk 0:22:48]} Be2+ {[%clk 0:08:20]} 51. Kd5 {[%clk
0:23:09]} Bf3+ {[%clk 0:08:44]} 52. Ke6 {[%clk 0:23:33]} Bg4 {[%clk 0:09:02]}
53. Rxg4 {[%clk 0:23:20]} fxg4 {[%clk 0:09:23]} 54. Kf5 {[%clk 0:23:42]} Kc8
{[%clk 0:08:52]} 55. Kg5 {[%clk 0:23:52]} Kd7 {[%clk 0:09:14]} 56. Kxh5 {[%clk
0:24:18]} Ke8 {[%clk 0:09:27]} 57. Kxg4 {[%clk 0:24:43]} Kf7 {[%clk 0:09:51]}
58. Kf5 {[%clk 0:25:04]} Kg7 {[%clk 0:07:36]} 59. h5 {[%clk 0:25:22]} Bc5
{[%clk 0:07:29]} 60. g4 {[%clk 0:25:45]} Kh7 {[%clk 0:06:08]} 61. g5 {[%clk
0:26:01]} Be7 {[%clk 0:04:49]} 62. h6 {[%clk 0:25:42]} Bf8 {[%clk 0:04:36]} 63.
g6+ {[%clk 0:26:06]} Kg8 {[%clk 0:05:01]} 64. h7+ {[%clk 0:26:30]} Kh8 {[%clk
0:05:26]} 65. Be5+ {[%clk 0:26:52]} Bg7 {[%clk 0:05:48]} 66. Bxg7+ {[%clk
0:27:19]} Kxg7 {[%clk 0:06:13]} 67. Ke4 {[%clk 0:27:33]} Kh8 {[%clk 0:06:35]}
68. Kd4 {[%clk 0:27:58]} Kg7 {[%clk 0:06:57]} 69. Kd5 {[%clk 0:28:26]} Kh8
{[%clk 0:07:13]} 70. Kd6 {[%clk 0:28:50]} Kg7 {[%clk 0:07:38]} 71. Kd7 {[%clk
0:29:15]} Kh8 {[%clk 0:08:00]} 72. Kd8 {[%clk 0:29:40]} Kg7 {[%clk 0:08:25]}
73. Ke7 {[%clk 0:30:02]} Kh8 {[%clk 0:08:47]} 74. Ke6 {[%clk 0:30:26]} Kg7
{[%clk 0:09:13]} 75. h8=Q+ {[%clk 0:30:38]} Kxh8 {[%clk 0:09:34]} 76. Kf6
{[%clk 0:31:07]} 1-0

[Event "Deutsche Ländermeisterschaft 2022"]
[Site "Wiesbaden GER"]
[Date "2022.10.04"]
[Round "7"]
[White "Müller, Sophie Charlotte"]
[Black "Wörz, Ann-Sophie"]
[Result "1-0"]
[Termination "normal"]
[Board "6.5"]
[WhiteElo "1435"]
[BlackElo "1607"]
[WhiteClock "00:13:15"]
[BlackClock "00:16:54"]
[WhiteTeam "Mecklenburg-Vorpommern"]
[BlackTeam "Württemberg"]
[PlyCount "101"]
[WhiteFideId "16246683"]
[BlackFideId "16265890"]
[EventCountry "GER"]
[EventRounds "7"]
[EventType "team-swiss"]
[EventDate "2022.09.30"]

1. d4 {[%clk 1:30:58]} Nf6 {[%clk 1:30:53]} 2. c4 {[%clk 1:31:21]} d6 {[%clk
1:31:19]} 3. Nc3 {[%clk 1:31:45]} g6 {[%clk 1:31:37]} 4. e4 {[%clk 1:31:33]}
Nbd7 {[%clk 1:30:16]} 5. Nf3 {[%clk 1:31:41]} Bg7 {[%clk 1:30:07]} 6. h3 {[%clk
1:31:57]} O-O {[%clk 1:25:04]} 7. Be3 {[%clk 1:31:37]} c5 {[%clk 1:21:20]} 8.
Be2 {[%clk 1:29:06]} b6 {[%clk 1:18:12]} 9. O-O {[%clk 1:28:14]} cxd4 {[%clk
1:16:35]} 10. Nxd4 {[%clk 1:24:25]} Bb7 {[%clk 1:16:18]} 11. Qc2 {[%clk
1:24:12]} Nc5 {[%clk 1:14:32]} 12. Bf3 {[%clk 1:20:21]} Rb8 {[%clk 1:09:38]}
13. Rfd1 {[%clk 1:14:22]} Nfd7 {[%clk 1:04:09]} 14. Rac1 {[%clk 1:07:38]} Ne5
{[%clk 1:02:20]} 15. Be2 {[%clk 1:05:37]} Ba8 {[%clk 0:57:03]} 16. Nf3 {[%clk
0:48:10]} Qc8 {[%clk 0:50:53]} 17. Nxe5 {[%clk 0:40:49]} Bxe5 {[%clk 0:48:20]}
18. Nd5 {[%clk 0:40:14]} Re8 {[%clk 0:40:01]} 19. b4 {[%clk 0:30:07]} Ne6
{[%clk 0:37:50]} 20. Qa4 {[%clk 0:28:56]} Bg7 {[%clk 0:33:40]} 21. Qxa7 {[%clk
0:23:29]} Bxd5 {[%clk 0:26:59]} 22. cxd5 {[%clk 0:21:04]} Nc5 {[%clk 0:19:39]}
23. bxc5 {[%clk 0:19:55]} bxc5 {[%clk 0:19:36]} 24. Bc4 {[%clk 0:18:09]} Ra8
{[%clk 0:12:13]} 25. Qb6 {[%clk 0:18:33]} Rb8 {[%clk 0:12:12]} 26. Qa5 {[%clk
0:16:36]} Qd7 {[%clk 0:11:41]} 27. Rb1 {[%clk 0:15:51]} Ra8 {[%clk 0:10:03]}
28. Qd2 {[%clk 0:11:16]} Qc7 {[%clk 0:08:16]} 29. Rb5 {[%clk 0:10:20]} Ra4
{[%clk 0:06:35]} 30. Qc2 {[%clk 0:09:50]} Ra3 {[%clk 0:06:41]} 31. Rb3 {[%clk
0:09:45]} Rea8 {[%clk 0:06:54]} 32. Rxa3 {[%clk 0:09:57]} Rxa3 {[%clk 0:07:22]}
33. Rd3 {[%clk 0:09:49]} Ra7 {[%clk 0:06:42]} 34. a4 {[%clk 0:08:31]} Qa5
{[%clk 0:06:13]} 35. Bb5 {[%clk 0:06:27]} Be5 {[%clk 0:05:08]} 36. Kf1 {[%clk
0:05:11]} h5 {[%clk 0:03:04]} 37. Bd2 {[%clk 0:04:45]} Qc7 {[%clk 0:02:33]} 38.
Ra3 {[%clk 0:04:39]} Qb7 {[%clk 0:01:59]} 39. Qb3 {[%clk 0:03:31]} Qb8 {[%clk
0:01:34]} 40. Bc3 {[%clk 0:02:09]} Bf4 {[%clk 0:01:04]} 41. g3 {[%clk 0:01:20]}
Bc1 {[%clk 0:30:17]} 42. Ra1 {[%clk 0:31:36]} Bh6 {[%clk 0:30:34]} 43. a5
{[%clk 0:31:22]} Rb7 {[%clk 0:29:31]} 44. Rb1 {[%clk 0:31:44]} Qc8 {[%clk
0:29:17]} 45. Qc4 {[%clk 0:31:35]} Qxh3+ {[%clk 0:25:59]} 46. Kg1 {[%clk
0:30:39]} h4 {[%clk 0:25:08]} 47. Qf1 {[%clk 0:13:47]} Qc8 {[%clk 0:17:39]} 48.
Ba6 {[%clk 0:13:16]} Rxb1 {[%clk 0:16:23]} 49. Bxc8 {[%clk 0:13:33]} Rxf1+
{[%clk 0:16:43]} 50. Kxf1 {[%clk 0:13:57]} hxg3 {[%clk 0:16:54]} 51. a6 {[%clk
0:13:15]} 1-0